000 01408nam0a2200397 4500
001 RU\NLR\bibl\361677
005 20260406154953.0
010 _a5-94435-146-2
_910000
021 _aRU
_b2002-57106
_92774
035 _a(NLR Aleph) 000356278
090 _a307358
_c307358
100 _a20030128d2002 |||y0rusy50 ca
101 0 _arus
102 _aRU
105 _aa |||||||||
200 1 _aБиоритмология и уринотерапия
_fГ. П. Малахов
205 _a[3-е изд., перераб.]
210 _aСПб.
_cВесь
_d2002
215 _a192 с.
_cил.
_d20
225 1 _aКачественные книги о здоровье
309 _aНа обл.: 3
606 0 _aБиологические процессы
_xРитм
_xВлияние уринотерапии
_92226349
_3RU\NLR\auth\661336506
610 0 _aБиологические ритмы - Сезонные и суточные изменения
610 0 _aУринотерапия
675 _a615.89
_v3
_zrus
686 _a76.29
_2rugasnti
686 _a53.59
_2rubbk
686 _aР252
686 _aР358.9
700 1 _4070
_7ca
_8rus
_aМалахов
_bГ. П.
_f1954-
_gГеннадий Петрович
_9117302
_3RU\NLR\auth\777366
801 0 _aRU
_bRKP
_c20030128
_gPSBO
801 1 _aRU
_bRKP
_c20030128
801 2 _aRU
_bNLR
_c20030217
_grcr
942 _cBOOK
980 _aNB